Datum a čas kvízu
19
Celkem bodů
Celkový počet nahraných bodů na tomto kvízu bez doplňovacích otázek.
4.
Pořadí na kvízu
Konečné umístění týmu na tomto kvízu.
Zaznamenané odpovědi
| # | Otázka | Odpověď | Body | Výsledky |
|---|---|---|---|---|
| 1. | Nejvyšší správní soud minulý t... | Děti Země | 1 | |
| 2. | Buckinghamský palác odhalil v... | D) motýl | 1 | |
| 3. | Minulý týden začal režisér Tom... | Tři princezny | 0 | |
| 4. | V ženevské pobočce aukční síně... | Michael Schumacher | 0 | |
| 5. | V sobotu se v Rijádu konal dlo... | Tyson Fury, Oleksandr Usyk | 0.5 | |
| 6. | Jména Mnata, Vojen či Vnislav... | A | 0 | |
| 7. | K Janu Žižkovi se váže jistá p... | C | 0 | |
| 8. | Před kněžnou Libuší stanuli dv... | A | 0 | |
| 9. | O hřbitovním kostele sv. Maří... | Svatební košile | 0 | |
| 10. | Horské sedlo v Českém středoho... | Paškapole | 0 |